000 01181nam a22003377a 4500
003 CHAP
005 20220329135346.0
008 971013s1982 r 00010 d
010 _a35005
011 _a35977
035 _a40096
040 _cCHAP
090 _aFolleto 7394
110 _aMéxico. Leyes, decretos, etc.
_977071
245 _aLey del seguro agropecuario y de vida campesina
260 _a(Chapingo, Méx.) :
_bDepartamento de Trabajos de Campo Universitarios,
_c(1982)
300 _app. 69-101
590 _aBATCH-UPD
_b10
_c20130110
_lUCH01
_h1554
590 _aBATCH-UPD
_b10
_c20130410
_lUCH01
_h0952
590 _aBATCH-UPD
_b10
_c20130914
_lUCH01
_h0318
590 _aCONVERSION
_b10
_c20130109
_lUCH01
_h1320
650 1 4 _aAgricultura
_xLeyes
_xMéxico.
_91726
650 1 4 _aGanadería
_xLeyes
_xMéxico.
_944818
650 1 4 _aSeguros de vida.
_9103736
901 _aBK
942 _cFOLL
949 _aFolleto 7394
_bBC
_cFOLL
_d-91646
_eTS1
_i40096
_mD
_si
949 _aFolleto 7394
_bBC
_cFOLL
_d-91647
_eTS2
_fc.2
_i40096
_mD
_si
949 _aFolleto 7394
_bBC
_cFOLL
_d-91648
_eTS2
_fc.3
_i40096
_mD
_si
949 _aFolleto 7394
_bBC
_cFOLL
_d-91649
_eTS2
_fc.4
_i40096
_mD
_si
999 _c35005
_d35005